000 00832na a2200241 4500
001 15904
003 MIRAKIL
005 20181213155155.0
008 161108b tu 000 0
035 _a15904
040 _aMilas
_btur
_cTR-AnCHP
082 _aCHP 324.2172
_bE13e 1973
090 _aCHP 324.2172 E13e 1973
100 _aEcevit, Bülent
_d1925-2006
245 _aBülent Ecevit diyor ki...
_cBülent Ecevit
260 _aAnkara
_b[yay.y.]
_c[t.y]
_fAjans-Türk Matbaacılık
300 _a46 s.
_c16 sm.
500 _aBu kitap cumhuriyet halk partisi genel başkanı Bülent Ecevit'in bir yıl içinde yaptığı konuşmalardan yazdığı yazılardan derlenmiştir.
600 _aEcevit, Bülent
_xKonuşmalar
610 _aCHP
_xSeçim bildirgeleri
651 _aTürkiye
_xSiyaset ve yönetim
942 _2dcc
_cBKS
999 _c7952
_d7952